000 00515nam a2200205Ia 4500
005 20240423143305.0
008 131103s9999 xx 000 0 und d
020 _cRs.35
040 _aLoreto College
041 _aEnglish
082 _a371.1
_bBIS
100 _aBiswas, A.
245 _aSeven Indian Education
_cA. Biswas and J.C.Aggarwal
260 _aNew delhi
_bArya book depot
_c1984
300 _a327p.
650 _aEducation - India
700 _aAggarwal, J.C.
850 _aLCBED
942 _cBK
999 _c25912
_d76391